| 000 | 00522cam a2200169u 4500 | ||
|---|---|---|---|
| 082 |
_a914.4 _bYOU |
||
| 100 | 1 |
_aYoung, Arthur, _950586 |
|
| 245 | 1 | 0 | _aTravels in France by Arthur Young during the years 1787, 1788, 1789. |
| 250 | _a2d ed. | ||
| 260 |
_aLondon, _bG. Bell and sons, _c1889. |
||
| 300 |
_alix, 366 p. _bfront. (port.) _c19 cm. |
||
| 526 |
_a0 _b0 _c0 _d914_400000000000000_YOU |
||
| 650 | 0 |
_aAgriculture _zFrance. _950587 |
|
| 650 | 0 |
_aMCE _9379 |
|
| 700 | 1 |
_aBetham-Edwards, Matilda, _950588 |
|
| 942 |
_2ddc _cBK |
||
| 999 |
_c553331 _d553331 |
||